000 00853cam a2200205 4500
001 ABS68753
008 050217n2005 000 0 eng u
035 _a(Sirsi) u128831
100 _aBaylis, C.
245 4 _aThe transition may not be so smooth
260 _c2005
490 _aEstates Gazette
_v(0504) 29 January 2005, 162-163(2)
520 _aDiscusses the changes made by the Licensing Act 2003 due to come into effect later in 2005. Liquor licensing will no longer come under the jurisdiction of the magistrates' courts but rather the local authority. Explains that any application to convert or vary an existing licence must be made within a transitional phase, the last day being 6 August 2005.
590 _aABS
590 _aABS
650 _aLICENSING ACT 2003
650 _aLICENSED PREMISES
690 _aLAW-UK
942 _n0
999 _c118501
_d118501